[Event "Linares 11th"]
[Site "Linares"]
[Date "1993.??.??"]
[Round "13"]
[White "Jussupow, Artur"]
[Black "Shirov, Alexei"]
[Result "1/2-1/2"]
[WhiteElo "2645"]
[BlackElo "2670"]
[Annotator "Jussupow,A"]
[PlyCount "83"]
[EventDate "1993.02.??"]
[EventType "tourn"]
[EventRounds "13"]
[EventCountry "ESP"]
[EventCategory "18"]
[SourceTitle "CBM 034"]
[Source "ChessBase"]
[SourceDate "1993.06.01"]
[SourceVersion "1"]
[SourceVersionDate "1993.06.01"]
[SourceQuality "1"]

1. d4 d5 2. c4 c6 3. Nf3 Nf6 4. Nc3 e6 5. Bg5 dxc4 6. e4 b5 7. e5 h6 8. Bh4 g5
9. Nxg5 hxg5 10. Bxg5 Nbd7 11. exf6 Bb7 12. g3 c5 13. d5 Bh6 14. Bxh6 Rxh6 15.
Qd2 {D44/26/(129)} Qxf6 (15... Rh5 $6 16. Be2 Rh7 17. O-O-O Nxf6 18. Nxb5 Bxd5
19. Qf4 $16 {Kasparov-Younglove, London sim 1984}) (15... Rg6 16. O-O-O Nxf6
17. Qe3 (17. Nxb5 Bxd5 {+/- Schneider,A-Chernin,A USSR 1983 -36/(514)} 18. Qf4
$5) 17... Qb6 18. Bg2 Kf8 19. h4 (19. Rhe1 Kg7 (19... Kg8 $6 20. dxe6 $1 Bxg2
21. exf7+ Kg7 22. Ne2 $3 $16 {Beliavsky-Pinter, European cup tt 1984 -37/480
ECO}) 20. h4 $14 {Pinter}) 19... Re8 20. h5 exd5 21. Qd2 Rg4 22. h6 Kg8 (22...
Rd4 23. Qg5 Rg4 {Dolmatov-Yakovic, Kharkov USSR (ch-1l) 1985} 24. Qf5 $5 Bc8
25. Qc2 {/\h7, Nd5} d4 26. h7 Nxh7 27. Nd5 d3 28. Qc3 $16) 23. Nxd5 $16 {
Dolmatov-Steflisch, Sofia 1985 -40/(528)}) (15... Rxf6 16. Bg2 (16. O-O-O b4
17. Ne4 exd5 (17... Bxd5 18. Qe3 $1 $16 {/\Rd5}) 18. Nxf6+ Qxf6 (18... Nxf6 19.
Bxc4 $5) 19. Bxc4 Nb6 20. Rhe1+ Kf8 $44 {Langeweg-Kuijpers, Hilversum 1984 ECO}
) 16... Ne5 (16... Nb6 {Ribli}) 17. O-O Nf3+ 18. Bxf3 Rxf3 19. Qe2 $5 (19. Qh6
Bxd5 20. Rad1 Qf6 21. Qxf6 Rxf6 22. Nxd5 exd5 23. Rxd5 Rc8 $14 {Ribli}) 19...
Bxd5 (19... Rxc3 20. bxc3 Qxd5 21. f3 $14 {Ribli}) 20. Rfd1 (20. Rad1 Rd3 21.
Rxd3 cxd3 22. Qxd3 Bc4 23. Qxd8+ Rxd8 $15 {Ribli}) 20... Rd3 21. Rxd3 (21. Nxb5
Bf3 22. Rxd3 Bxe2 23. Rxd8+ Rxd8 24. Nxa7 Rd2 $44 {Ribli}) 21... cxd3 22. Qxd3
Bc6 $10 {Karpov-Ribli, Thessaloniki ol 1988 -46/562}) 16. O-O-O (16. Bg2 Ne5
17. O-O O-O-O 18. Rfe1 $14 {/\Qe3 ECO} (18. Qe3 $4 Rxh2 $19 {Uhlmann-Enders,
DDR 1985 -39/524})) (16. Ne4 Qf3 17. Nd6+ Ke7 18. Nxb7 (18. Rg1 Qxd5 (18...
Bxd5) 19. Qxh6 Qxd6 $44) 18... Rh5 $13 (18... Qxh1 $2 19. d6+ Ke8 20. Qxh6 Qxb7
21. Qh4 Nf8 22. Bg2 $18 {Hamovic ECO})) 16... Bxd5 (16... O-O-O $2 17. Ne4 $16
{Quist-Thesing, Dieren 1988}) 17. Nxd5 exd5 18. Bg2 (18. Qxd5 Rd8 19. f4 $14)
18... Nb6 19. Qe3+ $2 (19. Bxd5 O-O-O (19... Rc8 20. Bb7 Rc7 21. Ba6 $16) 20.
Bb7+ Kc7 21. Qxd8+ Qxd8 22. Rxd8 Kxd8 23. Ba6 $14) 19... Kf8 20. Qxc5+ (20.
Bxd5 $2 Na4 $1 $36) 20... Kg8 21. Qd4 (21. Bxd5 $2 Rh5 $19) 21... Re8 $15 22.
Bxd5 Qxd4 23. Rxd4 Re2 (23... Rd8 $4 24. Bxf7+) 24. Be4 $1 c3 $5 (24... Rxf2
25. Rd2 $10) 25. bxc3 Na4 26. Bc2 $5 Nxc3 27. Rd2 Nxa2+ 28. Kd1 Nc3+ 29. Kc1
Rhe6 $5 (29... Re5 30. Kb2 b4 $13) 30. Bd3 R2e5 31. Kb2 b4 32. Ra1 a5 33. Bc2
Ra6 34. f4 (34. Rd4 $5) 34... Re3 35. Rd4 $1 {/\Rb4} Re2 (35... a4 36. Rxb4 a3+
37. Rxa3 Nd1+ (37... Rxa3 $2 38. Rb8+) 38. Bxd1 $10) 36. Rxb4 Rc6 $1 37. Rxa5
$1 Nd1+ 38. Kc1 Rcxc2+ 39. Kxd1 $10 Red2+ 40. Ke1 Rxh2 41. Kd1 Rcg2 42. Re4
1/2-1/2

[Event "USA-ch GpB"]
[Site "San Diego"]
[Date "2006.03.09"]
[Round "7"]
[White "Shulman, Yuri"]
[Black "Kaidanov, Gregory S"]
[Result "1-0"]
[WhiteElo "2581"]
[BlackElo "2603"]
[Annotator "Kaidanov,G"]
[PlyCount "103"]
[EventDate "2006.03.02"]
[EventType "swiss"]
[EventRounds "9"]
[EventCountry "USA"]
[SourceTitle "CBM 112"]
[Source "ChessBase"]
[SourceDate "2006.06.07"]
[SourceVersion "1"]
[SourceVersionDate "2006.06.07"]
[SourceQuality "1"]

1. d4 d5 2. c4 c6 3. Nf3 Nf6 4. Nc3 e6 5. Bg5 dxc4 6. e4 b5 7. e5 h6 8. Bh4 g5
9. Nxg5 hxg5 10. Bxg5 Nbd7 11. g3 Bb7 12. Bg2 Qb6 13. exf6 O-O-O 14. O-O c5 15.
d5 b4 16. Rb1 Qa6 17. dxe6 Bxg2 18. e7 Bxf1 19. Kxf1 Bxe7 20. fxe7 Rdg8 21. Ne4
Qc6 (21... c3+ 22. Kg1 Rxg5 $1 23. Nxg5 Qg6 $11) 22. Nd6+ Kb8 23. Bf4 Ka8 24.
e8=Q+ (24. h4 Nf6 25. Nxf7 (25. Be5 Ne8) 25... Qh1+ 26. Ke2 Qe4+ 27. Be3 Nd5
28. Nxh8 Rxh8 29. Qh1 Qc2+ 30. Kf3 Qf5+ 31. Kg2 $16) 24... Rxe8 25. Nxe8 Rxe8
$6 (25... Rxh2 26. Ke2 Qe4+ 27. Be3 Qxe8 28. Qd5+ Kb8 29. Rd1 Nb6 30. Qxc5 $14)
(25... Qh1+ $1 26. Ke2 Rxe8+ 27. Be3 Qc6 $132) 26. Kg1 Nf6 27. Rc1 Re4 28. Qd8+
Kb7 29. Qf8 Nd5 30. Qxf7+ Re7 31. Qf8 Re8 32. Qf7+ Ka6 (32... Re7 33. Qf8 Re8
34. Qg7+ Re7 35. Qg5 $16) 33. Bd2 $1 $16 Re2 34. Rd1 c3 35. bxc3 bxc3 36. Bg5 (
36. Bxc3 $4 Ne3 $19) 36... c2 37. Rf1 $1 $18 Re4 38. Qf3 Qa4 39. h4 Qc4 40. h5
Rg4 41. Qf5 Nc3 42. h6 Ne2+ 43. Kg2 Rxg5 44. Qxg5 c1=Q 45. Rxc1 Nxc1 46. Qg6+
Ka5 47. h7 Qd5+ 48. Kh2 Qd4 49. Qf7 Qe5 50. Qxa7+ Kb4 51. Qb7+ Kc3 52. Qc8 1-0

[Event "USA-ch GpB"]
[Site "San Diego"]
[Date "2006.03.05"]
[Round "3"]
[White "Kaidanov, Gregory S"]
[Black "Ippolito, Dean"]
[Result "1/2-1/2"]
[WhiteElo "2603"]
[BlackElo "2414"]
[Annotator "Kaidanov,G"]
[PlyCount "71"]
[EventDate "2006.03.02"]
[EventType "swiss"]
[EventRounds "9"]
[EventCountry "USA"]
[SourceTitle "CBM 112"]
[Source "ChessBase"]
[SourceDate "2006.06.07"]
[SourceVersion "1"]
[SourceVersionDate "2006.06.07"]
[SourceQuality "1"]

1. c4 c6 2. d4 d5 3. Nc3 Nf6 4. Nf3 e6 5. Bg5 dxc4 6. e4 b5 7. e5 h6 8. Bh4 g5
9. exf6 gxh4 10. Ne5 Qxf6 11. a4 h3 12. gxh3 Bd6 13. Qh5 (13. Ng4 Qe7 14. axb5
$5 (14. Bg2 Bb7 15. Qf3 a6 16. O-O (16. Nf6+ Kf8 17. O-O Nd7 18. Nxd7+ Qxd7 19.
Ne4 Be7 $13 (19... c5 20. dxc5 Be5 21. axb5 $13)) 16... f5 17. Ne3 O-O 18. axb5
axb5 19. Rxa8 Bxa8 20. Ra1 Bb7 21. Ra7 Rf7 22. Nxb5 cxb5 23. Rxb7 Qxb7) 14...
cxb5 (14... Bb7 15. Bxc4 cxb5 (15... Nd7 16. Qf3 $16) 16. Bxb5+ Nd7 17. Rg1 $18
) 15. Bg2 Bb7 16. Rg1 $13 (16. Nf6+ Kf8 17. Qg4 Nc6 $17)) (13. Qe2 Bb7 14. Bg2
Qe7 15. Qf3 (15. Ne4 Bb4+ 16. Kf1 Rg8 $15 (16... a6 $5)) (15. axb5 cxb5 16. d5
a6 17. Nc6 Qc7 $15) 15... Bxe5 (15... a6 16. Ne4 Bb4+ 17. Kf1 $13) 16. dxe5 Nd7
17. Qf4 Nc5 $17) (13. axb5 $5) 13... Rg8 14. Ng4 (14. axb5 Bb7 (14... cxb5 15.
Ng4 Qf3 16. Rg1) (14... Rg5 15. Ne4 Bb4+ 16. Ke2) 15. Ng4 (15. Bxc4 c5 $17 (
15... Bxe5 16. dxe5 Rg5 17. exf6 Rxh5 18. O-O-O Nd7 (18... Rc5 19. Rhg1) 19.
Ne4 O-O-O)) 15... Qg6) (14. Be2 Bb7 15. Ne4 Bb4+ 16. Kf1 Qf4 17. Qf3 Qxf3 18.
Bxf3 Kf8 (18... Ke7 19. axb5 cxb5 20. Nf6 $16) 19. Nf6 c3 $13) 14... Qg6 15.
Qxg6 Rxg6 16. axb5 Bb7 17. Bg2 (17. Bxc4 Ke7 18. Bd3 f5) 17... f5 18. Ne3 Bf4
19. Bf3 (19. Rg1 Kf8 20. Ke2 Rg7 (20... Bxh2 21. Rh1 Bf4)) 19... Rg7 20. Ke2 (
20. Ng2 Bg5 21. Ke2 (21. h4 Bf6 22. O-O-O (22. Nf4 cxb5 23. Bxb7 Rxb7 24. Nxe6
Kf7) 22... cxb5 23. Bxb7 Rxb7 24. Nf4 Kf7 25. Rhe1 Rb6 $17) 21... Rd7 22. Rhd1
cxb5 23. Nxb5 Nc6 $15) 20... cxb5 21. Nxb5 (21. Rag1 $1 {Ippolito} Bxf3+ (21...
Rxg1 $4 22. Bxb7 Rxh1 23. Bxh1 $18) 22. Kxf3 Rxg1 23. Rxg1 Bxe3 24. fxe3 Nd7
25. Nxb5 (25. Rg8+ Nf8 26. Nxb5 Kf7 27. Rg1 $14) 25... Kf8 $14) 21... a6 22.
Na3 Nc6 23. Rhd1 Bxe3 24. fxe3 Na5 25. Nc2 Bxf3+ 26. Kxf3 Nb7 27. Ra4 Nd6 28.
Na3 Rc7 29. Rc1 Ke7 30. Rc2 Rc6 31. Kf4 Rb8 32. Ra5 Kf6 33. Rc5 $2 (33. Ra4 $11
) 33... Rbc8 $2 (33... Rxc5 34. dxc5 Ne4 $17) 34. Rxc6 Rxc6 35. Rc3 Rc8 36. Rc2
1/2-1/2

[Event "USA-ch"]
[Site "Stillwater"]
[Date "2007.05.15"]
[Round "1"]
[White "Krush, Irina"]
[Black "Kaidanov, Gregory S"]
[Result "1/2-1/2"]
[WhiteElo "2464"]
[BlackElo "2595"]
[Annotator "Kaidanov,G"]
[PlyCount "55"]
[EventDate "2007.05.15"]
[EventType "swiss"]
[EventRounds "9"]
[EventCountry "USA"]
[SourceTitle "CBM 118"]
[Source "ChessBase"]
[SourceDate "2007.05.31"]
[SourceVersion "1"]
[SourceVersionDate "2007.05.31"]
[SourceQuality "1"]

1. d4 d5 2. c4 c6 3. Nc3 Nf6 4. Nf3 e6 5. Bg5 dxc4 6. e4 b5 7. e5 h6 8. Bh4 g5
9. Nxg5 hxg5 10. Bxg5 Nbd7 11. g3 Rg8 12. h4 Rxg5 13. hxg5 Nd5 14. g6 fxg6 15.
Qg4 Qe7 16. Bg2 Nxc3 $2 $146 17. bxc3 Rb8 18. Be4 ({My hope was after} 18.
Qxg6+ $6 Qf7 19. Qxf7+ Kxf7 {to transpose into the game Bareev-San Segundo
1994, where Black equalized. However, Irina doesn't fall for that.}) (18. Bxc6
Kd8 19. Qxg6 Rb6 $13) 18... Kd8 19. Qxg6 b4 (19... Qa3 20. Kf1 (20. Qxe6 $2
Qxc3+ 21. Ke2 Qxd4 $19) 20... Qxc3 21. Rd1 $16) 20. Rh7 (20. cxb4 $6 Qxb4+ 21.
Kf1 c3 22. Kg2 Qc4 $5 $13 (22... Qxd4 23. Rad1 Qc5 24. Qxe6 Rb2 25. Qf5 Kc7 26.
Rh7 Rd2 $13)) 20... Qe8 21. Qxe8+ $6 (21. Qg4 Be7 (21... bxc3 22. Bg6 c2 23.
Ke2 Rb1 24. Rxb1 cxb1=Q 25. Bxb1 $16) 22. Bg6 Qg8 23. cxb4 (23. Qh5 Nf8 24.
Rxe7 Nxg6 (24... Kxe7 25. Qg5+ Kd7 26. Be8+) 25. Rxa7 $14) 23... Bxb4+ 24. Kf1
c3 25. Kg2 $16) 21... Kxe8 22. g4 (22. Bxc6 bxc3 23. d5 Rb6 $13) 22... bxc3 $11
23. g5 c5 24. g6 cxd4 25. Rh8 Ke7 26. Rh7+ Ke8 27. Rh8 Ke7 28. Rh7+ 1/2-1/2

[Event "Donner Memorial"]
[Site "Amsterdam"]
[Date "1995.??.??"]
[Round "2"]
[White "Khalifman, Alexander"]
[Black "Piket, Jeroen"]
[Result "1-0"]
[WhiteElo "2655"]
[BlackElo "2625"]
[Annotator "Khalifman,A"]
[PlyCount "79"]
[EventDate "1995.08.??"]
[EventType "tourn"]
[EventRounds "11"]
[EventCountry "NED"]
[EventCategory "16"]
[SourceTitle "CBM 049"]
[Source "ChessBase"]
[SourceDate "1995.12.01"]
[SourceVersion "1"]
[SourceVersionDate "1995.12.01"]
[SourceQuality "1"]

1. d4 {Kortschnoj Ftacnik} d5 2. c4 c6 3. Nc3 Nf6 4. Nf3 e6 5. Bg5 dxc4 6. e4
b5 7. e5 h6 8. Bh4 g5 9. Nxg5 hxg5 10. Bxg5 Nbd7 11. g3 Qa5 12. exf6 b4 13. Ne4
c3 $6 {This move was deservedly forgotten 15 years ago after the game
Timman-Dolmatov. After the current game it seems to be buried finally.} (13...
Ba6 14. Qf3 O-O-O 15. Be2 $1 $16) 14. bxc3 bxc3 15. Qd3 Bb7 (15... Rb8 16. Be2
Ba6 $2 17. Qxa6 Rb1+ 18. Rxb1 c2+ 19. Rb4 $1 $18) 16. Be2 c5 {N} (16... O-O-O
17. O-O Qf5 18. h4 c5 19. Nxc5 Nxc5 20. Qxf5 exf5 21. dxc5 Bxc5 22. Rac1 Bb4
23. Bf4 $16 {Timman,J-Dolmatov,S Amsterdam 1980 +/- Timman,J-Dolmatov,S/
Amsterdam/1980/}) (16... Qf5 17. Rb1 Nb6 18. Nc5 $1 $16) (16... O-O-O {
Kortschnoj}) 17. O-O c4 (17... cxd4 18. Qxd4 Bxe4 (18... Qb4 19. Qxb4 Bxb4 20.
Rab1 $18) 19. Qxe4 Rc8 20. Bf4 c2 21. Qb7 $16) (17... O-O-O {Ftacnik} 18. dxc5
(18. Rfc1 $14 {Kortschnoj}) 18... Nxc5 (18... Nxf6 $2 19. Qxc3 Qxc3 20. Nxc3
Be7 21. Rac1 $18) 19. Qxc3 $16) 18. Qe3 Nb6 (18... Bxe4 {Ftacnik} 19. Qxe4 Rb8
20. h4 Qd5 21. Qxd5 exd5 22. Bf3 Nb6 23. Rab1 $16) (18... O-O-O $5 {Kortschnoj}
) 19. Nc5 $1 $16 (19. Nxc3 $6 Bb4 $36) 19... Bxc5 (19... Nd5 $2 20. Nxb7 Qc7
21. Qe4 (21. Qe5 {Ftacnik} Qxb7 22. Bxc4 $16) 21... Qxb7 22. Bxc4 $18) 20. dxc5
Nd5 (20... Na4 {Ftacnik} 21. Bxc4 Nxc5 (21... Rc8 22. Bxe6 $1 $18) 22. Rfc1 Ne4
23. Rab1 Bc6 24. Bb5 Bxb5 25. Qxe4 $16) 21. Qd4 Rc8 22. Rab1 Ba6 23. Rfc1 $1 (
23. Bxc4 $2 {Ftacnik} Qa4 $1 24. Bxa6 Qxd4 25. Bxc8 Qxc5 $17) 23... Qxc5 (23...
Kd7 24. Be3 $18) 24. Qxc5 Rxc5 25. Rb8+ Bc8 (25... Rc8 26. Rxc8+ Bxc8 27. Bxc4
$18) 26. Be3 Nxe3 (26... Rc7 {Ftacnik} 27. Bd4 Kd7 28. Bxc3 $16) 27. fxe3 O-O (
27... Kd7 28. Ra8 $1 $18) 28. Rxc3 Ba6 (28... e5 {Ftacnik} 29. Rxc4 Rxc4 30.
Bxc4 $18) 29. Rxf8+ Kxf8 30. g4 Kg8 31. Kf2 Kh7 32. h4 Kg6 33. g5 $18 Kf5 34.
Kg3 Bb5 35. Bd3+ Ke5 (35... cxd3 {Ftacnik} 36. Rxc5+ Ke4 37. Rxb5 $18) 36. Bc2
Kd6 37. Kg4 Rd5 38. h5 Rd3 (38... Rd2 39. g6 $18) 39. Rxd3+ (39. Bxd3 {Ftacnik}
cxd3 40. Rc1 Ba4 $1) 39... cxd3 40. Bd1 (40. Bd1 {Ftacnik} Ke5 41. h6 $18) 1-0

[Event "Olympiad-31"]
[Site "Moscow"]
[Date "1994.12.09"]
[Round "8.4"]
[White "Kolev, Atanas"]
[Black "Van Wely, Loek"]
[Result "0-1"]
[WhiteElo "2495"]
[BlackElo "2560"]
[Annotator "Kharitonov,A"]
[PlyCount "70"]
[EventDate "1994.12.01"]
[EventType "team-swiss"]
[EventRounds "14"]
[EventCountry "RUS"]
[SourceTitle "CBM 045"]
[Source "ChessBase"]
[SourceDate "1995.04.01"]
[SourceVersion "1"]
[SourceVersionDate "1995.04.01"]
[SourceQuality "1"]
[WhiteTeam "Bulgaria"]
[BlackTeam "Netherlands"]
[WhiteTeamCountry "BUL"]
[BlackTeamCountry "NED"]

1. d4 {Ftacnik} d5 2. c4 c6 3. Nf3 Nf6 4. Nc3 e6 5. Bg5 dxc4 6. e4 b5 7. e5 h6
8. Bh4 g5 9. Nxg5 hxg5 10. Bxg5 Nbd7 11. g3 Bb7 12. Bg2 Qb6 13. exf6 O-O-O 14.
O-O c5 15. d5 b4 16. Na4 Qb5 17. a3 exd5 18. axb4 (18. Re1 d4 19. axb4 (19.
Bxb7+ Kxb7 20. axb4 cxb4 21. Qf3+ $2 (21. Qxd4 Qxg5 22. Qxc4 Rc8 23. Qxf7 Rc7
$13) 21... Qc6 22. Qf5 Bd6 $17 {Beliavsky,A-Lutz,C/Munchen/0:1/41/}) 19... Bxg2
20. Kxg2 cxb4 (20... Qxb4 $5 21. Nc3 dxc3 22. Rxa7 Qb6 23. Qa4 $13) 21. Qxd4
Qxg5 22. Qxc4+ Kb8 23. Red1 Rc8 $13 {Van Wely,L-Piket,J/Wijk aan Zee/0:1/32/})
18... cxb4 (18... d4 $5 {Ftacnik} 19. Bxb7+ {0,5/Sakaev,S-Van Wely,L/Moscow
olm/1994/}) 19. h4 $2 {N/} (19. Be3 $1 Nc5 (19... a6 20. Qd4 {/\Rfd1+/=/}) 20.
Qg4+ Kb8 21. Qd4 Nxa4 22. Qxa7+ Kc7 23. Rxa4 Ra8 24. Qxa8 Bxa8 25. Rxa8 $16) (
19. Re1 $5 {Ftacnik}) 19... Nc5 $1 (19... Ne5 {Ftacnik} 20. Re1 Bd6 21. Qd4 $16
{Yusupov,A-Dokchoian/BL 9293/1993/}) 20. Qg4+ (20. Nxc5 {Ftacnik} Bxc5 21. Re1)
(20. Re1 $5 {Ftacnik}) 20... Qd7 $1 (20... Kb8 $6 21. Bf4+ Bd6 (21... Ka8 22.
Bc7 $14 (22. Bc7 {Ftacnik} Nxa4 23. Bxd8 $16)) 22. Nxc5 Qxc5 23. Be3 $10) (
20... Rd7 {Ftacnik} 21. Nxc5 Bxc5 22. Bh3 d4 23. Rfe1 Rhd8 $13) 21. Qxd7+ (21.
Bh3 Qxg4 22. Bxg4+ Kc7 23. Bf4+ Kc6 $17) 21... Kxd7 22. Nxc5+ (22. Be3 Nb3 (
22... Nxa4 $6 23. Rxa4 a6 24. Ra5 $14) 23. Rad1 Kc6 24. Bxa7 Kb5 25. Nb6 Bc5
$19) (22. Rfd1 Kc6 23. Rd4 Kb5 $17) 22... Bxc5 $17 23. Ra5 (23. Be3 {Ftacnik}
d4 $1 24. Bxd4 Bxd4 25. Bxb7 Kc7 26. Bg2 Kb6 $19) 23... Kc6 24. Be3 Bb6 $1 25.
Bxb6 (25. Raa1 {Ftacnik} Kb5 $19) 25... axb6 $1 (25... Kxb6 26. Rfa1 a6 27.
R5a4 $132) 26. Ra7 b5 27. Re1 (27. Rd1 {Ftacnik} Kb6 28. Rxb7+ Kxb7 29. Rxd5
Kb6 $19) 27... Kb6 28. Raa1 (28. Rxb7+ Kxb7 29. Re7+ Kb6 30. Rxf7 c3 $19) 28...
Rh6 $19 29. Re7 Rxf6 30. h5 Bc6 31. g4 (31. Raa7 {Ftacnik} c3 $1 32. bxc3 bxc3
$19) 31... Rg8 32. f3 d4 33. Re5 d3 34. g5 Rd6 35. Kf2 c3 0-1

[Event "WDR Match TV g/60"]
[Site "Cologne"]
[Date "1994.??.??"]
[Round "?"]
[White "Lutz, Christopher"]
[Black "Piket, Jeroen"]
[Result "0-1"]
[WhiteElo "2595"]
[BlackElo "2560"]
[Annotator "Knaak,R"]
[PlyCount "68"]
[EventDate "1994.08.??"]
[EventType "game"]
[EventRounds "1"]
[EventCountry "GER"]
[SourceTitle "CBM 042"]
[Source "ChessBase"]
[SourceDate "1994.10.01"]
[SourceVersion "1"]
[SourceVersionDate "1994.10.01"]
[SourceQuality "1"]

1. d4 d5 2. c4 c6 3. Nf3 Nf6 4. Nc3 e6 5. Bg5 dxc4 6. e4 b5 7. e5 h6 8. Bh4 g5
9. Nxg5 hxg5 10. Bxg5 Nbd7 11. g3 Bb7 12. Bg2 Qb6 13. exf6 c5 14. d5 O-O-O 15.
O-O b4 16. Na4 Qa6 17. a3 (17. dxe6 $1 Qxe6 (17... Bxg2 $2 18. e7 $1 Bxf1 (
18... Qe6 19. exd8=Q+ Kxd8 20. Kxg2 Qh3+ 21. Kf3 $18) 19. Nxc5 $1 Qa5 20.
exd8=Q+ Qxd8 21. Nxd7 Bh3 22. Nxf8 $18) (17... Ne5 $2 18. Qxd8+ $1 Kxd8 19. e7+
Bxe7 20. fxe7+ Ke8 21. Nxc5 Qg6 22. Nxb7 Qxg5 23. f4 Qh6 24. fxe5 $18) 18.
Bxb7+ Kxb7 19. Re1 $1 (19. Qf3+ Ka6 20. Rfe1 Qh3 (20... Ne5 $2 21. Rxe5 $1 Qxe5
22. Qc6+ Ka5 23. Bf4 $18) 21. Qg2 (21. Bh4 $2 Rxh4 22. Qc6+ Nb6 23. gxh4 Rc8
$17) 21... Qxg2+ 22. Kxg2 Kb5 23. b3 $13) 19... Qf5 $1 (19... Qh3 20. Qd5+ Ka6
21. Bh4 $16) 20. h4 Bh6 21. Qd6 $1 (21. Bxh6 $5 Rxh6 22. Qe2 Rxf6 23. Rad1 Kc8
24. a3 $36) (21. g4 Qd3 $8 22. Re3 Qxd1+ 23. Rxd1 Kc6 24. Re7 (24. Bxh6 Rxh6
25. Re7 $13) 24... Bxg5 25. hxg5 Nb6 26. Rxd8 Rxd8 27. Nxb6 axb6 28. Kg2 (28.
Rxf7 $2 c3 29. bxc3 bxc3 30. Re7 c2 31. Re1 Rd1 $19) 28... c3 $1 29. bxc3 bxc3
30. Re3 c2 31. Rc3 Rd4 $1 32. f3 (32. Kg3 $2 Rd3+ $19) 32... Rd2+ 33. Kg3 Kd6
$13) (21. Re7 Kc6 $1) 21... Bxg5 (21... Bf8 22. Qd2 $16) 22. Re7 $1 {/\ 23.
Nxc5+} Ka8 23. Qc6+ Kb8 24. hxg5 Qh3 25. Qg2 $16) 17... Bxd5 $1 $146 {(Shirov)}
18. Bxd5 Ne5 19. axb4 (19. Nxc5 Bxc5 20. axb4 Bxf2+ 21. Rxf2 Rxd5 22. Qc1 Qd6
$44) 19... Rxd5 20. Qe2 cxb4 21. Nc3 Ra5 $1 (21... Qc6 22. Nxd5 Qxd5 23. f3
Bc5+ 24. Kg2 Nd3 25. h4 Kb7 26. Ra5 $16 {Ivanchuk,V-Shirov,A/Novgorod/1994/1-0
(47) -> CBM 43}) 22. Rxa5 Qxa5 23. Ne4 Nd3 24. b3 Qe5 25. Rc1 $2 (25. Rd1 $1
Nc5 $2 (25... Qb2 $1 26. Qxb2 $8 Nxb2 27. Rc1 (27. Ra1 $6 cxb3 $1 28. Rxa7 Nd3
29. Nd2 (29. Rxf7 $2 b2 30. Nd2 Ne1 $1 $19) 29... b2 30. Nb1 Nxf2 $1 $17) 27...
c3 28. Nxc3 Nd3 $1 29. Rc2 Ne1 30. Rc1 Nd3 $1 $10) (25... Bc5 26. Qf3 Qc7 27.
bxc4 Ne5 $44) 26. Qxc4 $1 Qxe4 27. Qb5 Kc7 28. Be3 Rh5 29. Qe8 Rd5 30. Ra1 $16
{Kortschnoj,V-Lutz,C/Horgen/1994/1-0 (41) -> CBM 43}) 25... Nxc1 26. Qxc4+ Qc7
$1 27. Qxc1 Qxc1+ 28. Bxc1 a5 29. g4 (29. Ng5 Bh6 30. Nxf7 Bxc1 31. Nxh8 a4 32.
Kg2 Bh6 $19) 29... Kd7 30. Kg2 Bd6 31. f4 Rc8 32. Be3 a4 33. Nxd6 Kxd6 34. bxa4
Kd5 0-1

[Event "Horgen CS"]
[Site "Horgen"]
[Date "1994.??.??"]
[Round "1"]
[White "Kortschnoj, Viktor Lvovich"]
[Black "Lutz, Christopher"]
[Result "1-0"]
[WhiteElo "2615"]
[BlackElo "2580"]
[Annotator "Knaak,R"]
[PlyCount "83"]
[EventDate "1994.09.??"]
[EventType "tourn"]
[EventRounds "11"]
[EventCountry "SUI"]
[EventCategory "16"]
[SourceTitle "CBM 043"]
[Source "ChessBase"]
[SourceDate "1994.12.01"]
[SourceVersion "1"]
[SourceVersionDate "1994.12.01"]
[SourceQuality "1"]

1. d4 d5 2. c4 c6 3. Nf3 Nf6 4. Nc3 e6 5. Bg5 dxc4 6. e4 b5 7. e5 h6 8. Bh4 g5
9. Nxg5 hxg5 10. Bxg5 Nbd7 11. exf6 Bb7 12. g3 c5 13. d5 Qb6 14. Bg2 O-O-O 15.
O-O b4 16. Na4 Qa6 17. a3 (17. dxe6 $1 Bxg2 (17... Qxe6 18. Bxb7+ Kxb7 19. Re1
$1 Qf5 $1 20. h4 Bh6 21. Qd6 $1 Bxg5 22. Re7 $1 {/\ 23.Nxc5+} Ka8 23. Qc6+ Kb8
24. hxg5 Qh3 25. Qg2 $16) 18. e7 Bxf1 19. Qd5 {Kasparov,G-Kramnik,V/New York
PCA/1994/ CBM 41 [Kasparov]}) 17... Bxd5 (17... b3 18. Nc3 Ne5 19. Qe2 Nd3 20.
dxe6 Qxe6 21. Bxb7+ Kxb7 22. Qxe6 fxe6 23. Rad1 $16 {Vaisser,A-Westerinen,H/
1981/}) (17... exd5 18. axb4 Qe6 19. Nc3 cxb4 20. Bxd5 $1 Bxd5 21. Qxd5 Qxd5
22. Nxd5 Ne5 23. Ne7+ Kb7 24. Ra5 Nd3 25. Rfa1 $40 {Baturinski-Kuuksmaa/1971/})
18. Bxd5 Ne5 19. axb4 (19. Nxc5 $5 {Fritz} Bxc5 20. axb4 Bxf2+ (20... Qd6 21.
bxc5 $16) (20... Qb5 21. bxc5 Rxd5 22. Qe2 a6 23. b3 $1 Qxb3 24. Be3 $16) 21.
Rxf2 Qb6 (21... Rxd5 22. Qc1 Qd6 $44) 22. Bxe6+ Qxe6 23. Qe2 $16) 19... Rxd5
20. Qe2 cxb4 21. Nc3 Ra5 (21... Qc6 22. Nxd5 Qxd5 23. f3 Bc5+ 24. Kg2 Nd3 25.
h4 Kb7 26. Ra5 $16 {Ivanchuk,V-Shirov,A/Novgorod/1994/1-0/47/ ;CBM 43}) 22.
Rxa5 (22. Qxe5 Rxa1 23. Nb5 Rxf1+ 24. Kxf1 Qb7 $17) 22... Qxa5 23. Ne4 Nd3 (
23... Bc5 24. Rc1) (23... b3 24. Bd2 Qd5 25. Ra1 $40) 24. b3 (24. Qc2 Qd5 25.
Nd2 Qxg5 (25... Bc5 26. Qxc4 Nxf2 27. Rxf2 Qxc4 28. Nxc4 Bxf2+ 29. Kxf2 Rxh2+
30. Kg1 Rh7 $14) 26. Qxc4+ Nc5 27. Ne4 Qh5 28. Rc1 $1 $16) 24... Qe5 25. Rd1 $1
(25. Qf3 Qf5) (25. Bf4 Nxf4 (25... Qh5 26. g4 $1 Rg8 27. f3 Nxf4 $140 28. Qxc4+
Kb8 29. Rc1 $40) 26. Qxc4+ Kb8 27. gxf4 Qh5 28. Rc1 $132) (25. Rc1 $6 Nxc1 26.
Qxc4+ Qc7 27. Qxc1 (27. Qa6+ Kd8 $1 28. Bf4 e5 $19) 27... Qxc1+ 28. Bxc1 a5 $1
29. g4 (29. Ng5 Bh6 $1 30. Nxf7 Bxc1 31. Nxh8 a4 32. f4 Bb2 33. f7 Bg7 $19)
29... Kd7 30. Kg2 Bd6 $19 {Lutz,Ch-Piket,J/WDR TV-Cup/1994/ CBM 42 Knaak})
25... Nc5 $2 (25... Bc5 26. Qf3 (26. Rxd3 cxd3 27. Qxd3 Bb6 28. Qc4+ Qc7 29.
Qxb4 Rd8 30. Kg2 $10) 26... Qd5 (26... Qf5 27. Qxf5 exf5 28. Nxc5 Nxc5 29. Rd4
cxb3 30. Rxb4 Rd8 31. Kg2 Rd5 32. Bc1 a5 $13) (26... Qc7 27. bxc4 Ne5 $44) 27.
bxc4 Ne5 28. cxd5 Nxf3+ 29. Kg2 Nxg5 30. Nxg5 $16) (25... a5 26. Bf4 $1 Qb2 (
26... Qh5 27. g4 Rg8 28. f3 $16) 27. Qf3 $16) (25... Qb2 $5 26. Qe3 (26. Qxb2
$8 Nxb2 27. Rc1 (27. Ra1 $6 cxb3 $1 28. Rxa7 (28. Nd2 Bc5 $15) 28... Nd3 29.
Nd2 (29. Rxf7 $2 b2 30. Nd2 Ne1 $1 $19) 29... b2 30. Nb1 Nxf2 $1 $17) 27... c3
28. Nxc3 Nd3 $1 29. Rc2 Ne1 30. Rc1 Nd3 $1 $10) 26... Qxb3 27. Ra1 Qb2 $1 28.
Qxa7 Bc5 $1 29. Qa6+ (29. Qa8+ Kc7 30. Ra7+ Bxa7 31. Qxa7+ $10) 29... Kc7 30.
Be3 Bxe3 31. Qd6+ Kb7 32. Qa6+ Kc7 $10) 26. Qxc4 Qxe4 27. Qb5 Kc7 28. Be3 Rh5 (
28... Qc6 $2 29. Bf4+) (28... a6 29. Qa5+ Kc6 30. Rc1 $18) 29. Qe8 $6 (29. Qa5+
Kb7 30. Rd4 Qc6 (30... Qb1+ 31. Kg2 Nxb3 32. Rd7+ Kc6 33. Rc7+ Kd6 34. Qxh5
Kxc7 35. Qxf7+ $18) 31. Qd8 $18) 29... Rd5 30. Ra1 $1 (30. Rxd5 exd5 31. Qxf8
Qb1+ 32. Kg2 Qe4+ $10) 30... Rd8 31. Qxf7+ (31. Rxa7+ $4 Kc8 $19) 31... Kc6 32.
Qxa7 Qc2 33. h4 Qxb3 (33... Rd1+ 34. Rxd1 Qxd1+ 35. Kh2 Bd6 36. f7 Qxb3 37.
Bxc5 Bxc5 38. Qxc5+ Kxc5 39. f8=Q+ Kd5 40. h5 $18) 34. Kh2 Bd6 $2 (34... Qd5
35. Rc1 b3 (35... Kb5 $5 36. Ra1 Kc6 $10) 36. Qa4+ $10) 35. Rc1 Qd5 36. Qa4+
Kc7 37. Qxb4 Kc6 38. Qa4+ Kc7 39. Qb5 Rh8 (39... Rb8 40. Rxc5+ Bxc5 41. Qxc5+
Qxc5 42. Bxc5 $18) 40. Rxc5+ Bxc5 41. Qxc5+ Qxc5 (41... Kd7 42. f7 Qd6 43.
Qxd6+ Kxd6 44. Bh6 $1 $18) 42. Bxc5 (42. Bxc5 Rh7 43. g4 $1 Kd7 (43... Rxh4+
44. Kg3 Rh7 45. g5 $18) 44. g5 Ke8 45. g6 $18) 1-0